Southville International School and Colleges
Your cart is empty.
  • Cart
  • Lists
    Public lists Eva Luna New books Lux_list list_1
    Your lists Log in to create your own lists
  • Log in to your account
  • Your cookies
  • Search history
Southville International School and Colleges
  • Advanced search
  • Recent comments
  • Most popular
  • Libraries

Log in to your account

Log in with GOOGLE


If you do not have an external account, but do have a local account, you can still log in:

  1. Home
  2. MARC view: Biology II textbook /
Normal view MARC view ISBD view

Biology II textbook / (Record no. 3271)

[ view plain ]
MARC details
000 -LEADER
fixed length control field 00558nam a22002057a 4500
003 - CONTROL NUMBER IDENTIFIER
control field OSt
005 - DATE AND TIME OF LATEST TRANSACTION
control field 20140310181752.0
008 - FIXED-LENGTH DATA ELEMENTS--GENERAL INFORMATION
fixed length control field 130627t xxu||||| |||| 00| 0 eng d
020 ## - INTERNATIONAL STANDARD BOOK NUMBER
International Standard Book Number 971791284x
050 ## - LIBRARY OF CONGRESS CALL NUMBER
Classification number QH 308.2
Item number .C236 2001
082 ## - DEWEY DECIMAL CLASSIFICATION NUMBER
Classification number FIL 574
Item number C17 2001
100 ## - MAIN ENTRY--PERSONAL NAME
Personal name Capco, Carmelita M.
245 ## - TITLE STATEMENT
Title Biology II textbook /
Statement of responsibility, etc Carmelita M. Capco, Gilbert C. Yang.
250 ## - EDITION STATEMENT
Edition statement 2nd ed.
260 ## - PUBLICATION, DISTRIBUTION, ETC. (IMPRINT)
Place of publication, distribution, etc Quezon City, Philippines :
Name of publisher, distributor, etc SIBS,
Date of publication, distribution, etc c2001.
300 ## - PHYSICAL DESCRIPTION
Extent 480 p. :
Other physical details ill. ;
Dimensions 25 cm.
562 ## - COPY AND VERSION IDENTIFICATION NOTE
Number of copies 1
942 ## - ADDED ENTRY ELEMENTS (KOHA)
Source of classification or shelving scheme Library of Congress Classification
Koha item type Books
Holdings
Withdrawn status Lost status Source of classification or shelving scheme Damaged status Home library Current library Shelving location Date acquired Total Checkouts Full call number Barcode Date last seen Copy number Price effective from Koha item type
    Library of Congress Classification   Luxembourg Library Luxembourg Library Filipiniana Section 06/27/2013   QH 308.2 .C236 2001 5574 05/27/2015 1 10/03/2013 Books

Biology II textbook /

APA

Capco C. M., . (2001). Biology II textbook. Quezon City, Philippines: SIBS.

Chicago

Capco Carmelita M, . 2001. Biology II textbook. Quezon City, Philippines: SIBS.

Harvard

Capco C. M., . (2001). Biology II textbook. Quezon City, Philippines: SIBS.

MLA

Capco Carmelita M, . Biology II textbook. Quezon City, Philippines: SIBS. 2001.

  • Place hold
  • Print
  • Cite
  • Add to your cart (remove)
  • Save record
    BIBTEX Dublin Core MARCXML MARC (non-Unicode/MARC-8) MARC (Unicode/UTF-8) MARC (Unicode/UTF-8, Standard) MODS (XML) RIS
  • More searches
    Search for this title in:
    Other Libraries (WorldCat) Other Databases (Google Scholar) Online Stores (Bookfinder.com) Open Library (openlibrary.org)

Exporting to Dublin Core...

SOUTHVILLE LIBRARY

Southville International School and Colleges Library

1281 Tropical Ave. Cor. Luxembourg St., BF Homes International, Las Pinas City

Tel. No. 8256374 / 252358 Loc. 117/146

Powered by Koha